000 00675nam a2200241Ia 4500
003 0100
008 130227s9999 xx 000 0 und d
020 _a9970024914
040 _cARRUPELIB
050 _aKTW172.O36 2005
100 _aOdoki, Benjamin J.
245 4 _aThe Search for a national consensus
245 _bThe making of the 1995 Uganda Constitution
260 _aKampala
260 _bFountain Publishers
260 _C2005
300 _axiv
300 _b 370p 23cm
650 _bStudent teaching - Great Britain
650 _cStudent teachers - Supervision of - Great Britain
650 _dTeachers - Training of - Great Britain
942 _2lcc
_08
999 _c882
_d882